[Event "Rubinstein Memorial op-D 57th"]
[Site "Polanica Zdroj"]
[Date "2021.08.19"]
[Round "6"]
[White "Kurcaba, Lukasz"]
[Black "Krzos, Adam"]
[Result "0-1"]
[WhiteElo "1497"]
[BlackElo "1603"]
[PlyCount "86"]
[EventDate "2021.08.14"]
[EventType "swiss"]
[EventRounds "9"]
[EventCountry "POL"]
[SourceTitle "CBM 204 Extra"]
[Source "ChessBase"]
[SourceDate "2021.11.30"]
[SourceVersion "1"]
[SourceVersionDate "2021.11.30"]
[SourceQuality "1"]

1. d4 d5 2. Nf3 Nf6 3. c4 c6 4. cxd5 cxd5 5. Nc3 Nc6 6. Bf4 Bf5 7. e3 Qb6 8. Qd2 e6 9. a3 Be7 10. Be2 0-0 11. 0-0 Na5 12. Na4 Qd8 13. Qd1 Rc8 14. Rc1 Nc4 15. Ne5 b5 16. Nxc4 bxc4 17. Nc3 Qb6 18. Qd2 Bd6 19. Bxd6 Qxd6 20. f3 Rfd8 21. Na4 Rc6 22. Rf2 h6 23. Nc5 Rb8 24. Bd1 Rcb6 25. Qc3 Nd7 26. b4 cxb3 27. Nxb3 Qxa3 28. Ra1 Qb4 29. Qxb4 Rxb4 30. Rxa7 Nb6 31. Na5 Rb1 32. Rf1 Bd3 33. Be2 Nc8 34. Bxd3 Rxf1+ 35. Kxf1 Nxa7 36. Kf2 Rb2+ 37. Kg3 Ra2 38. Nb7 Ra3 39. Nc5 Nc6 40. Kf2 Nb4 41. Bb5 Ra2+ 42. Kg3 Nc2 43. e4 Nxd4 0-1

[Event "Rubinstein Memorial op-D 57th"]
[Site "Polanica Zdroj"]
[Date "2021.08.15"]
[Round "2"]
[White "Kurcaba, Lukasz"]
[Black "Krawiec, Grzegorz"]
[Result "1/2-1/2"]
[WhiteElo "1497"]
[BlackElo "1836"]
[PlyCount "61"]
[EventDate "2021.08.14"]
[EventType "swiss"]
[EventRounds "9"]
[EventCountry "POL"]
[SourceTitle "CBM 204 Extra"]
[Source "ChessBase"]
[SourceDate "2021.11.30"]
[SourceVersion "1"]
[SourceVersionDate "2021.11.30"]
[SourceQuality "1"]

1. d4 Nf6 2. Nf3 e6 3. c4 Bb4+ 4. Bd2 a5 5. Nc3 d5 6. c5 b6 7. a3 Bxc3 8. Bxc3 Ne4 9. Qc2 Ba6 10. Nd2 Nxc3 11. Qxc3 Nd7 12. b4 axb4 13. axb4 0-0 14. Rb1 Bb5 15. e3 Bxf1 16. Kxf1 Ra2 17. g3 Qa8 18. Kg2 Qa4 19. Ra1 Ra8 20. Rxa2 Qxa2 21. Rc1 Ra3 22. Rc2 Rxc3 23. Rxa2 Kf8 24. Ra7 Rc2 25. Rxc7 Ke8 26. Nf3 Rb2 27. cxb6 Rxb4 28. b7 Kd8 29. Rc8+ Ke7 30. Ne5 Rxb7 31. Nxd7 1/2-1/2

[Event "Rubinstein Memorial op-D 57th"]
[Site "Polanica Zdroj"]
[Date "2021.08.14"]
[Round "1"]
[White "Pietraszko, Jakub"]
[Black "Kurcaba, Lukasz"]
[Result "1/2-1/2"]
[WhiteElo "1816"]
[BlackElo "1497"]
[PlyCount "109"]
[EventDate "2021.08.14"]
[EventType "swiss"]
[EventRounds "9"]
[EventCountry "POL"]
[SourceTitle "CBM 204 Extra"]
[Source "ChessBase"]
[SourceDate "2021.11.30"]
[SourceVersion "1"]
[SourceVersionDate "2021.11.30"]
[SourceQuality "1"]

1. d4 Nf6 2. Bg5 d5 3. Bxf6 exf6 4. e3 Bf5 5. Nd2 Bd6 6. c4 c6 7. cxd5 cxd5 8. Qb3 Qc7 9. Qxd5 Be6 10. Bb5+ Nd7 11. Qe4 f5 12. Qd3 a6 13. Bxd7+ Bxd7 14. Ngf3 0-0 15. a4 Rac8 16. b3 b5 17. a5 Bb4 18. Ke2 Bxa5 19. b4 Bxb4 20. Rxa6 Ra8 21. Rha1 Qb7 22. Rxa8 Rxa8 23. Rxa8+ Qxa8 24. Ne5 Qb7 25. Nxd7 Qxd7 26. Nf3 Qd5 27. Qc2 g6 28. g3 Bd6 29. Nd2 Kg7 30. f3 h5 31. Qb2 h4 32. Kf2 hxg3+ 33. hxg3 b4 34. e4 fxe4 35. fxe4 Qh5 36. Nf3 f6 37. e5 fxe5 38. dxe5 Bc5+ 39. Kg2 Kf7 40. Qa2+ Kg7 41. Qd5 Be7 42. Qe6 Kf8 43. g4 Qh7 44. Qc8+ Kf7 45. g5 Qg8 46. Qc4+ Kg7 47. e6 Qd8 48. Qf4 Qf8 49. Qd4+ Kg8 50. Qe4 Kg7 51. Nh4 Qe8 52. Nf3 Qd8 53. Qh4 Qh8 54. Qd4+ Kh7 55. Qh4+ 1/2-1/2

[Event "Tatry op"]
[Site "Tatranske Zruby"]
[Date "2013.10.03"]
[Round "6"]
[White "Mesaros, Jan"]
[Black "Kurcaba, Lukasz"]
[Result "1-0"]
[WhiteElo "1847"]
[BlackElo "1642"]
[PlyCount "55"]
[EventDate "2013.09.29"]
[EventType "swiss"]
[EventRounds "9"]
[EventCountry "SVK"]
[SourceTitle "EXT 2023"]
[Source "ChessBase"]
[SourceDate "2022.10.05"]
[SourceVersion "1"]
[SourceVersionDate "2022.10.05"]
[SourceQuality "1"]

1. c4 Nf6 2. g3 g6 3. Bg2 Bg7 4. Nc3 0-0 5. Nf3 c6 6. 0-0 d6 7. d3 Nbd7 8. a3 a5 9. Rb1 Re8 10. b4 axb4 11. axb4 Ng4 12. Qc2 e5 13. b5 Nc5 14. bxc6 bxc6 15. h3 Nh6 16. Ng5 Bd7 17. Nge4 Nxe4 18. Nxe4 Bf5 19. e3 d5 20. Nc5 Qd6 21. Nb7 Qe7 22. Bd2 Reb8 23. Na5 Rc8 24. Rb7 Qa3 25. Bb4 Rxa5 26. Bxa3 Rxa3 27. cxd5 cxd5 28. Rc7 1-0

[Event "Tatry op"]
[Site "Tatranske Zruby"]
[Date "2013.10.02"]
[Round "5"]
[White "Kurcaba, Lukasz"]
[Black "Briza, Jiri"]
[Result "1/2-1/2"]
[WhiteElo "1642"]
[BlackElo "1920"]
[PlyCount "66"]
[EventDate "2013.09.29"]
[EventType "swiss"]
[EventRounds "9"]
[EventCountry "SVK"]
[SourceTitle "EXT 2023"]
[Source "ChessBase"]
[SourceDate "2022.10.05"]
[SourceVersion "1"]
[SourceVersionDate "2022.10.05"]
[SourceQuality "1"]

1. e4 e5 2. Nf3 Nc6 3. Bb5 Nf6 4. 0-0 Nxe4 5. d4 Nd6 6. Bxc6 dxc6 7. dxe5 Ne4 8. Qxd8+ Kxd8 9. Nbd2 Nxd2 10. Bxd2 Be7 11. h3 Ke8 12. Rfe1 Be6 13. b3 Rd8 14. Rad1 h6 15. Be3 c5 16. Rxd8+ Kxd8 17. c4 Kc8 18. Rd1 b6 19. g4 h5 20. Nh2 g6 21. f3 Rd8 22. Rxd8+ Kxd8 23. Nf1 Bh4 24. Kg2 Be1 25. Ng3 Bc3 26. Bf4 hxg4 27. hxg4 Bd4 28. Ne4 a5 29. Bg5+ Kd7 30. Bf6 a4 31. Ng5 axb3 32. axb3 c6 33. Nxe6 Kxe6 1/2-1/2

[Event "Tatry op"]
[Site "Tatranske Zruby"]
[Date "2013.10.01"]
[Round "3"]
[White "Kurcaba, Lukasz"]
[Black "Misanek, Andrej"]
[Result "1-0"]
[WhiteElo "1642"]
[BlackElo "1552"]
[PlyCount "68"]
[EventDate "2013.09.29"]
[EventType "swiss"]
[EventRounds "9"]
[EventCountry "SVK"]
[SourceTitle "EXT 2023"]
[Source "ChessBase"]
[SourceDate "2022.10.05"]
[SourceVersion "1"]
[SourceVersionDate "2022.10.05"]
[SourceQuality "1"]

1. e4 e5 2. Nf3 Nf6 3. Nxe5 d6 4. Nf3 Nxe4 5. d4 Bg4 6. Bd3 Qe7 7. 0-0 Nd7 8. Bxe4 0-0-0 9. Re1 Bxf3 10. Bxf3 Qf6 11. Be3 Nb6 12. c3 d5 13. Nd2 Bd6 14. Bg4+ Kb8 15. Nf3 h6 16. Ne5 h5 17. Be2 g6 18. a4 c6 19. Qd2 Qg7 20. a5 Na8 21. a6 f6 22. axb7 Qxb7 23. Nxg6 Rh7 24. Bf4 Nc7 25. Bxd6 Rxd6 26. Qf4 Ne8 27. Ba6 Qf7 28. Rxe8+ Qxe8 29. Qxd6+ Rc7 30. Nf4 Qe7 31. Qxe7 Rxe7 32. Nxh5 Rf7 33. Re1 Kc7 34. Nf4 Kb6 1-0

[Event "Tatry op"]
[Site "Tatranske Zruby"]
[Date "2013.09.30"]
[Round "2"]
[White "Silon, Miroslav"]
[Black "Kurcaba, Lukasz"]
[Result "1/2-1/2"]
[WhiteElo "1360"]
[BlackElo "1642"]
[PlyCount "46"]
[EventDate "2013.09.29"]
[EventType "swiss"]
[EventRounds "9"]
[EventCountry "SVK"]
[SourceTitle "EXT 2023"]
[Source "ChessBase"]
[SourceDate "2022.10.05"]
[SourceVersion "1"]
[SourceVersionDate "2022.10.05"]
[SourceQuality "1"]

1. Nf3 d5 2. d4 Nf6 3. e3 Bf5 4. Be2 e6 5. 0-0 Nbd7 6. b3 Bb4 7. Bb2 0-0 8. a3 Bd6 9. Ne5 c6 10. Nd2 Qc7 11. f4 Ne4 12. Nxe4 Bxe4 13. a4 f6 14. Nxd7 Qxd7 15. c4 b6 16. Bd3 Bxd3 17. Qxd3 Rfe8 18. e4 dxe4 19. Qxe4 Qc7 20. Rae1 Rad8 21. g3 Bb4 22. Rd1 c5 23. dxc5 Bxc5+ 1/2-1/2

[Event "POL-chT3 Pomorskie"]
[Site "Poland"]
[Date "2013.06.09"]
[Round "9.13"]
[White "Kurcaba, Lukasz"]
[Black "Poniewierski, Piotr"]
[Result "1/2-1/2"]
[WhiteElo "1637"]
[BlackElo "2022"]
[PlyCount "88"]
[EventDate "2013.01.13"]
[EventType "team-tourn"]
[EventRounds "9"]
[EventCountry "POL"]
[SourceTitle "EXT 2019"]
[Source "ChessBase"]
[SourceDate "2018.10.10"]
[SourceVersion "1"]
[SourceVersionDate "2018.10.10"]
[SourceQuality "1"]
[WhiteTeam "Lipusz WDA II"]
[BlackTeam "Gdansk Gedania"]
[WhiteTeamCountry "POL"]
[BlackTeamCountry "POL"]

1. e4 c5 2. Nf3 d6 3. d4 cxd4 4. Nxd4 Nf6 5. Nc3 e6 6. Bg5 Be7 7. Bd3 Nc6 8. Nxc6 bxc6 9. 0-0 0-0 10. Bd2 Rb8 11. b3 e5 12. Kh1 Be6 13. f4 exf4 14. Bxf4 Nd7 15. Ne2 Qb6 16. Ng3 g6 17. Qe2 Ne5 18. Bxe5 dxe5 19. Bc4 Bxc4 20. Qxc4 Qb5 21. Qc3 Qc5 22. Qxc5 Bxc5 23. Rad1 Rfd8 24. Ne2 Kf8 25. g4 Ke7 26. Kg2 a5 27. Nc1 a4 28. Nd3 Bd4 29. Rf3 axb3 30. axb3 Rd6 31. Rdf1 f6 32. g5 f5 33. exf5 e4 34. Re1 gxf5 35. Rxf5 e3 36. Re2 Ke6 37. Rf3 Rg8 38. h4 h6 39. Rg3 hxg5 40. hxg5 Rd7 41. Kf3 Kf5 42. g6 Rxg6 43. Rxg6 Kxg6 44. Ke4 Kf6 1/2-1/2

[Event "POL-chT3 Pomorskie"]
[Site "Poland"]
[Date "2013.04.07"]
[Round "5.17"]
[White "Ulanowski, Karol"]
[Black "Kurcaba, Lukasz"]
[Result "1-0"]
[WhiteElo "2084"]
[BlackElo "1637"]
[PlyCount "69"]
[EventDate "2013.01.13"]
[EventType "team-tourn"]
[EventRounds "9"]
[EventCountry "POL"]
[SourceTitle "EXT 2019"]
[Source "ChessBase"]
[SourceDate "2018.10.10"]
[SourceVersion "1"]
[SourceVersionDate "2018.10.10"]
[SourceQuality "1"]
[WhiteTeam "Tzcew Skoczek"]
[BlackTeam "Lipusz WDA II"]
[WhiteTeamCountry "POL"]
[BlackTeamCountry "POL"]

1. e4 c5 2. Nf3 Nc6 3. d4 cxd4 4. Nxd4 Nf6 5. Nc3 e6 6. Ndb5 Bb4 7. a3 Bxc3+ 8. Nxc3 d5 9. exd5 exd5 10. Bd3 d4 11. Ne2 Bf5 12. 0-0 Bxd3 13. Qxd3 0-0 14. b3 Rc8 15. Rd1 Qc7 16. Bg5 Ng4 17. Bf4 Qb6 18. Rac1 Rfe8 19. h3 Nge5 20. Bxe5 Nxe5 21. Qxd4 Nf3+ 22. gxf3 Rxe2 23. Qxb6 axb6 24. Rd7 g6 25. Rxb7 Rexc2 26. Rxc2 Rxc2 27. Rxb6 Rc3 28. Kg2 Kf8 29. a4 Ke7 30. a5 Kd7 31. b4 Kc7 32. Rf6 Rb3 33. Rxf7+ Kc6 34. Rxh7 Rxb4 35. Rg7 1-0

[Event "Tatry op"]
[Site "Tatranske Zruby"]
[Date "2012.09.24"]
[Round "2"]
[White "Houdek, Daniel"]
[Black "Kurcaba, Lukasz"]
[Result "1/2-1/2"]
[WhiteElo "1874"]
[BlackElo "1597"]
[PlyCount "58"]
[EventDate "2012.09.23"]
[EventType "swiss"]
[EventRounds "9"]
[EventCountry "SVK"]
[SourceTitle "EXT 2023"]
[Source "ChessBase"]
[SourceDate "2022.10.05"]
[SourceVersion "1"]
[SourceVersionDate "2022.10.05"]
[SourceQuality "1"]

1. Nf3 d5 2. d4 Nf6 3. c4 Bf5 4. g3 e6 5. Bg2 c6 6. 0-0 Nbd7 7. b3 Be7 8. Nc3 0-0 9. Nh4 Ne4 10. Nxf5 exf5 11. Nxe4 fxe4 12. e3 Re8 13. c5 b6 14. b4 a5 15. bxa5 bxc5 16. dxc5 Rxa5 17. Bd2 Rxc5 18. Qe2 Rc2 19. Rfc1 Rxc1+ 20. Rxc1 Qa8 21. Bh3 Ne5 22. Bc3 Nf3+ 23. Kg2 c5 24. Ba1 Rd8 25. Bg4 Ng5 26. h4 Ne6 27. Bxe6 fxe6 28. Qg4 Bf8 29. Qxe6+ Kh8 1/2-1/2

[Event "Chojnice op-B 6th"]
[Site "Chojnice"]
[Date "2010.07.12"]
[Round "5.9"]
[White "Labun, Kornel"]
[Black "Kurcaba, Lukasz"]
[Result "1-0"]
[WhiteElo "1796"]
[BlackElo "1679"]
[PlyCount "55"]
[EventDate "2010.07.08"]
[EventType "swiss"]
[EventRounds "9"]
[EventCountry "POL"]
[SourceTitle "EXT 2023"]
[Source "ChessBase"]
[SourceDate "2022.10.05"]
[SourceVersion "1"]
[SourceVersionDate "2022.10.05"]
[SourceQuality "1"]

1. e4 c5 2. c3 d5 3. exd5 Qxd5 4. d4 e6 5. Nf3 Nf6 6. Be2 Nc6 7. 0-0 Be7 8. Be3 Ng4 9. Bf4 cxd4 10. Nxd4 h5 11. Bf3 Qd7 12. Nxc6 bxc6 13. Bxg4 hxg4 14. Qxg4 g6 15. Nd2 Rh4 16. Qg3 e5 17. Be3 Qd5 18. c4 Qe6 19. Nf3 Rg4 20. Qxe5 Qxc4 21. Rfe1 f6 22. Qc7 Bd7 23. Rac1 Qd5 24. Bc5 Re4 25. Rxe4 Qxe4 26. Bxe7 Qxe7 27. Re1 Be6 28. Qxc6+ 1-0

[Event "Chojnice op-B 6th"]
[Site "Chojnice"]
[Date "2010.07.11"]
[Round "3.18"]
[White "Kurcaba, Lukasz"]
[Black "Zhuk, Ivan"]
[Result "1-0"]
[WhiteElo "1679"]
[BlackElo "1604"]
[PlyCount "107"]
[EventDate "2010.07.08"]
[EventType "swiss"]
[EventRounds "9"]
[EventCountry "POL"]
[SourceTitle "EXT 2023"]
[Source "ChessBase"]
[SourceDate "2022.10.05"]
[SourceVersion "1"]
[SourceVersionDate "2022.10.05"]
[SourceQuality "1"]

1. e4 e6 2. d4 d5 3. Nc3 dxe4 4. Nxe4 Be7 5. Nf3 Nf6 6. Nxf6+ Bxf6 7. Bd3 Bd7 8. Bf4 Bc6 9. c3 Nd7 10. 0-0 0-0 11. Re1 b6 12. Qe2 Bb7 13. Ne5 Nxe5 14. Bxe5 Bxe5 15. Qxe5 c5 16. Rad1 cxd4 17. Bc2 Qd5 18. Qxd5 Bxd5 19. Rxd4 Rfd8 20. Red1 Rdc8 21. Be4 Bxe4 22. Rxe4 g6 23. Red4 Kg7 24. Kf1 Rc5 25. Rd7 a5 26. Rb7 b5 27. Rdd7 Rf8 28. Ra7 a4 29. Rdb7 Rf5 30. Ra5 Rd8 31. Rbxb5 Rxb5 32. Rxb5 Rd1+ 33. Ke2 Rb1 34. c4 Rc1 35. c5 Kf6 36. Kd2 Rf1 37. Ke3 Ke5 38. b4 Ra1 39. c6+ Kd6 40. Rc5 Kc7 41. b5 Rb1 42. Kd2 a3 43. Kc2 Rb2+ 44. Kc3 f6 45. h4 e5 46. Rd5 h5 47. Rd7+ Kc8 48. Rb7 Rxa2 49. Kb3 Rxf2 50. Kxa3 Rf4 51. Kb3 Rxh4 52. b6 Rd4 53. Kc3 Kd8 54. c7+ 1-0